|
|
|
|
| LEADER |
00000naa2a2200000 4500 |
| 001 |
633857 |
| 005 |
20231101133801.0 |
| 035 |
|
|
|a (RuTPU)RU\TPU\conf\35607
|
| 035 |
|
|
|a RU\TPU\conf\35606
|
| 090 |
|
|
|a 633857
|
| 100 |
|
|
|a 20211126d2021 k y0rusy50 ca
|
| 101 |
0 |
|
|a rus
|
| 102 |
|
|
|a RU
|
| 105 |
|
|
|a y z 101zy
|
| 135 |
|
|
|a drgn ---uucaa
|
| 181 |
|
0 |
|a i
|
| 182 |
|
0 |
|a b
|
| 200 |
1 |
|
|a Использование радиационного мониторинга приземной атмосферы для оценки влагозапаса снежного покрова
|f Н. В. Петракова, А. В. Чуприна, И. В. Беляева
|g науч. рук. В. С. Яковлева
|
| 203 |
|
|
|a Текст
|c электронный
|
| 225 |
1 |
|
|a Получение, свойства и применение изотопно-модифицированных материалов
|
| 230 |
|
|
|a 1 компьютерный файл (pdf; 307 Кб)
|
| 300 |
|
|
|a Заглавие с титульного экрана
|
| 463 |
|
0 |
|0 (RuTPU)RU\TPU\conf\35564
|t Изотопы: технологии, материалы и применение
|o сборник тезисов докладов VII Международной научной конференции молодых ученых, аспирантов и студентов, г. Томск, 25-28 октября 2021 г.
|f Национальный исследовательский Томский политехнический университет (ТПУ)
|v [С. 95]
|d 2021
|
| 610 |
1 |
|
|a электронный ресурс
|
| 610 |
1 |
|
|a труды учёных ТПУ
|
| 610 |
1 |
|
|a радиационный мониторинг
|
| 610 |
1 |
|
|a приземная атмосфера
|
| 610 |
1 |
|
|a влагозапасы
|
| 610 |
1 |
|
|a снежный покров
|
| 610 |
1 |
|
|a радиационный фон
|
| 610 |
1 |
|
|a гамма-фон
|
| 610 |
1 |
|
|a гамма-излучения
|
| 700 |
|
1 |
|a Петракова
|b Н. В.
|
| 701 |
|
1 |
|a Чуприна
|b А. В.
|
| 701 |
|
1 |
|a Беляева
|b И. В.
|c физик
|c доцент Томского политехнического университета, кандидат физико-математических наук
|f 1975-
|g Ирина Владимировна
|2 stltpush
|3 (RuTPU)RU\TPU\pers\47013
|
| 702 |
|
1 |
|a Яковлева
|b В. С.
|c физик
|c доцент Томского политехнического университета, кандидат физико-математических наук
|f 1970-
|g Валентина Станиславовна
|2 stltpush
|4 727
|
| 712 |
0 |
2 |
|a Национальный исследовательский Томский политехнический университет
|b Инженерная школа ядерных технологий
|b Отделение ядерно-топливного цикла
|h 7864
|2 stltpush
|3 (RuTPU)RU\TPU\col\23554
|
| 801 |
|
2 |
|a RU
|b 63413507
|c 20211207
|g RCR
|
| 856 |
4 |
|
|u http://earchive.tpu.ru/handle/11683/69058
|
| 942 |
|
|
|c BK
|